=LDR 00000nam 2200000 4500 =001 INLIS000000000018175 =005 20130612113347 =008 ***********************************Ind** =035 ##$$0010-061300000018175 =041 ##$$a Ind =082 ##$$a 345 =090 ##$$a 345, Rai t =100 ##$$a Rais, Moch Lukman Fatahullah =245 ##$$a Tindak pidana perkelahian pelajar, oleh Moch Lukman Fatahullah Rais =260 ##$$a 1997 $b Jakarta =300 ##$$a xviii, 124 hlm, 21 cm =650 ##$$a Hukum Pidana =850 ##$$a NBPNMAT =990 ##$$a 0001/BPAP-NTB/20142015